| 000 | 00617nam a2200253Ia 4500 | ||
|---|---|---|---|
| 003 | OSt | ||
| 005 | 20220918174255.0 | ||
| 006 | a|||||r|||| 00| 0 | ||
| 007 | ta | ||
| 008 | 220917b |||||||| |||| 00| 0 eng d | ||
| 024 | _a11,355 | ||
| 037 | _cTextual | ||
| 040 |
_aARTS _cARTS _beng |
||
| 041 |
_2eng _aeng |
||
| 082 | _a/\1jM96, H9 | ||
| 110 |
_aGolden _949784 |
||
| 245 | 0 | _aGolden jubilee souvenir of Bhagavan Sri Ramana Maharshi | |
| 250 | _a2nd | ||
| 260 | _c1949 | ||
| 650 | _aSPIRITUALISM | ||
| 700 |
_aGolden _949785 |
||
| 942 |
_h/\1jM96, H9 _cTEXL _2CC |
||
| 999 |
_c152466 _d152466 |
||